Category Elimination - Soccer - Statistics

General Stats
  • This quiz has been taken 6,911 times
    3,731 since last reset
  • The average score is 7 of 10
Answer Stats
# Category % Correct
22 Players that play for FC Barcelona
97%
14 ...who played against Real Madrid (Supercopa de Espana) (15 Jan. 2024)
91%
10 ...who is not a forward
84%
27 Players that play for Liverpool
83%
18 ... who is not from the United Kingdom
82%
5 ...with a shirt number between 1 and 18
77%
9 ... whose jersey number is an even number
71%
1 ...and is not European Araujo
51%
4 ... who had played in the Bundesliga
42%
1 ... and was born after 2001 Gravenberch
19%
No matching quizzes found
Score Distribution
Percent of People with Each Score
Percentile by Number Answered
Your Score History
You have not taken this quiz since the last reset